| 000 | 00440nam a22001697a 4500 | ||
|---|---|---|---|
| 003 | OSt | ||
| 008 | 230509b |||||||| |||| 00| 0 eng d | ||
| 041 | _aeng | ||
| 082 |
_a658.0076 _bSHA/HO |
||
| 100 |
_aSharma, Arun _95454 |
||
| 100 |
_aMeenakshi upadhyay _95455 |
||
| 245 | _aHow to prepare for verbal ability and reading comprehension for CAT | ||
| 250 | _a10th | ||
| 260 |
_aChennai _MMcgraw hill _c2022 |
||
| 300 | _a831 | ||
| 942 | _cBK | ||
| 999 |
_c17689 _d17689 |
||